[Event "English Womens Championships 2024"]
[Site "Kenilworth, United Kingdom"]
[Date "2024.06.23"]
[Round "7.8"]
[White "Ravi, Vash"]
[Black "Mehta, Sophie"]
[Result "1/2-1/2"]
[TimeControl "G:90 minutes + 30 seconds added per move"]
[WhiteFideId "343404901"]
[BlackFideId "487996"]
[WhiteElo "1750"]
[BlackElo "1670"]

1. d4 {[%clk 01:30:59]} Nf6 {[%clk 01:30:55]} {[%emt 00:00:06]} 2. c4 {[%clk
01:31:26]} {[%emt 00:00:02]} e5 {[%clk 01:31:20]} {[%emt 00:00:05]} 3. d5
{[%clk 01:30:34]} {[%emt 00:01:22]} Bc5 {[%clk 01:31:32]} {[%emt 00:00:16]} 4.
e3 {[%clk 01:30:16]} {[%emt 00:00:49]} d6 {[%clk 01:30:17]} {[%emt 00:01:45]} 5.
Bd3 {[%clk 01:29:50]} {[%emt 00:00:56]} Bd7 {[%clk 01:30:10]} {[%emt 00:00:37]}
6. Nf3 {[%clk 01:28:34]} {[%emt 00:01:47]} e4 {[%clk 01:30:25]} {[%emt
00:00:15]} 7. Bc2 {[%clk 01:27:06]} {[%emt 00:01:58]} exf3 {[%clk 01:30:14]}
{[%emt 00:00:40]} 8. Qxf3 {[%clk 01:27:33]} {[%emt 00:00:04]} Bb4+ {[%clk
01:28:06]} {[%emt 00:02:39]} 9. Nd2 {[%clk 01:27:50]} {[%emt 00:00:12]} Qe7
{[%clk 01:26:32]} {[%emt 00:02:03]} 10. O-O {[%clk 01:27:14]} {[%emt 00:01:07]}
Bg4 {[%clk 01:25:59]} {[%emt 00:01:02]} 11. Qg3 {[%clk 01:27:31]} {[%emt
00:00:13]} Qe5 {[%clk 01:26:07]} {[%emt 00:00:21]} 12. f4 {[%clk 01:26:51]}
{[%emt 00:01:12]} Qe7 {[%clk 01:24:00]} {[%emt 00:02:37]} 13. Nf3 {[%clk
01:23:22]} {[%emt 00:03:59]} Bxf3 {[%clk 01:19:23]} {[%emt 00:05:06]} 14. Rxf3
{[%clk 01:23:08]} {[%emt 00:00:44]} Qf8 {[%clk 01:16:53]} {[%emt 00:03:01]} 15.
a3 {[%clk 01:21:13]} {[%emt 00:02:25]} Bc5 {[%clk 01:17:01]} {[%emt 00:00:22]}
16. b4 {[%clk 01:21:28]} {[%emt 00:00:16]} Bb6 {[%clk 01:17:23]} {[%emt
00:00:08]} 17. Bb2 {[%clk 01:19:07]} {[%emt 00:02:50]} a6 {[%clk 01:14:58]}
{[%emt 00:02:55]} 18. Kh1 {[%clk 01:14:44]} {[%emt 00:04:53]} Nbd7 {[%clk
01:14:41]} {[%emt 00:00:47]} 19. e4 {[%clk 01:11:02]} {[%emt 00:04:12]} h5
{[%clk 01:14:04]} {[%emt 00:01:06]} 20. Qh4 {[%clk 01:04:14]} {[%emt 00:07:18]}
Qe7 {[%clk 01:06:48]} {[%emt 00:07:47]} 21. h3 {[%clk 00:50:58]} {[%emt
00:13:45]} Ng4 {[%clk 00:56:17]} {[%emt 00:11:03]} 22. Qe1 {[%clk 00:37:48]}
{[%emt 00:13:07]} 1/2-1/2

[Event "English Womens Championships 2024"]
[Site "Kenilworth, United Kingdom"]
[Date "2024.06.23"]
[Round "7.9"]
[White "Khunda, Deema"]
[Black "Catabay, Mae C"]
[Result "0-1"]
[TimeControl "G:90 minutes + 30 seconds added per move"]
[WhiteFideId "499730"]
[BlackFideId "484768"]
[WhiteElo "1648"]
[BlackElo "1773"]

1. d4 {[%clk 01:30:59]} {[%emt 00:13:39]} Nf6 {[%clk 01:30:50]} {[%emt
00:00:10]} 2. c4 {[%clk 01:31:25]} {[%emt 00:00:05]} g6 {[%clk 01:30:56]}
{[%emt 00:00:23]} 3. Nc3 {[%clk 01:31:49]} {[%emt 00:00:05]} d5 {[%clk
01:30:54]} {[%emt 00:00:33]} 4. Nf3 {[%clk 01:31:02]} {[%emt 00:01:17]} Bg7
{[%clk 01:29:55]} {[%emt 00:01:29]} 5. cxd5 {[%clk 01:28:06]} {[%emt 00:03:25]}
Nxd5 {[%clk 01:29:01]} {[%emt 00:01:25]} 6. Nxd5 {[%clk 01:26:33]} {[%emt
00:02:03]} Qxd5 {[%clk 01:28:57]} {[%emt 00:00:34]} 7. e3 {[%clk 01:26:16]}
{[%emt 00:00:46]} c5 {[%clk 01:22:23]} {[%emt 00:07:04]} 8. dxc5 {[%clk
01:21:25]} {[%emt 00:05:21]} Qxd1+ {[%clk 01:22:01]} {[%emt 00:00:53]} 9. Kxd1
{[%clk 01:21:45]} {[%emt 00:00:08]} O-O {[%clk 01:21:35]} {[%emt 00:00:58]} 10.
h3 {[%clk 01:18:14]} {[%emt 00:04:01]} Bf5 {[%clk 01:17:41]} {[%emt 00:04:24]}
11. g4 {[%clk 01:10:12]} {[%emt 00:08:30]} Be4 {[%clk 01:15:47]} {[%emt
00:02:25]} 12. Bg2 {[%clk 01:09:34]} {[%emt 00:01:09]} Rd8+ {[%clk 01:14:25]}
{[%emt 00:01:53]} 13. Ke1 {[%clk 01:08:39]} {[%emt 00:01:24]} Nc6 {[%clk
01:10:07]} {[%emt 00:04:48]} 14. a3 {[%clk 01:06:18]} {[%emt 00:02:51]} Na5
{[%clk 01:08:37]} {[%emt 00:01:59]} 15. Bd2 {[%clk 01:04:06]} {[%emt 00:02:42]}
Nb3 {[%clk 01:07:28]} {[%emt 00:01:40]} 16. Rd1 {[%clk 01:01:51]} {[%emt
00:02:45]} Bc2 {[%clk 01:07:33]} {[%emt 00:00:25]} 17. a4 {[%clk 00:57:08]}
{[%emt 00:05:14]} Rab8 {[%clk 01:04:35]} {[%emt 00:03:27]} 18. Ke2 {[%clk
00:56:17]} {[%emt 00:01:21]} Bxd1+ {[%clk 01:03:42]} {[%emt 00:01:22]} 19. Rxd1
{[%clk 00:56:15]} {[%emt 00:00:32]} Nxc5 {[%clk 01:03:09]} {[%emt 00:01:04]} 20.
Rb1 {[%clk 00:50:58]} {[%emt 00:05:47]} Rd7 {[%clk 00:59:18]} {[%emt 00:04:21]}
21. b3 {[%clk 00:46:44]} {[%emt 00:01:30]} 0-1